House Of commons second Report from the Select Committee on Procedure Session 1989-90 (Record no. 2016)

MARC details
000 -LEADER
fixed length control field 00589nam a22001457a 4500
008 - FIXED-LENGTH DATA ELEMENTS--GENERAL INFORMATION
fixed length control field 230621b xxu||||| |||| 00| 0 eng d
020 ## - INTERNATIONAL STANDARD BOOK NUMBER
International Standard Book Number 0100201008
082 ## - DEWEY DECIMAL CLASSIFICATION NUMBER
Classification number 328.03
Item number HMS
110 ## - MAIN ENTRY--CORPORATE NAME
Subordinate unit The House of Commons
Location of meeting London
Date of meeting or treaty signing 23 Oct 1990
245 ## - TITLE STATEMENT
Title House Of commons second Report from the Select Committee on Procedure Session 1989-90
Remainder of title The Working of the Select committee System
Statement of responsibility, etc. Together with the proceedings of the commitee relating to the report , minutes of evidence, and appendices
Medium volume 1
260 ## - PUBLICATION, DISTRIBUTION, ETC. (IMPRINT)
Place of publication, distribution, etc. London
Name of publisher, distributor, etc. HMSO
Date of publication, distribution, etc. 1990
300 ## - PHYSICAL DESCRIPTION
Extent 109p
440 ## - SERIES STATEMENT/ADDED ENTRY--TITLE
Volume/sequential designation volume 1
942 ## - ADDED ENTRY ELEMENTS (KOHA)
Source of classification or shelving scheme Dewey Decimal Classification
Koha item type Books
Holdings
Withdrawn status Lost status Source of classification or shelving scheme Damaged status Not for loan Home library Current library Date acquired Total Checkouts Full call number Barcode Date last seen Price effective from Koha item type
    Dewey Decimal Classification     County Hall Archives County Hall Archives 06/21/2023   328.03 HMS 10011896 06/21/2023 06/21/2023 Books
LIBRARY OPENING HOURS

When the Parliament is sitting: 8.00a.m - 7.00p.m or until the house adjourns
Mondays and Fridays and when the House is on Recess:  8.00a.m - 5.00p.m
Closed on Weekends and Public Holidays

Online Public Access Catalog (OPAC)
Website: http://www.parliament.go.ke
Bunge Library: https://libraryir.parliament.go.ke
Contact: library@parliament.go.ke | Tel no: (254-2)2221291 or 2848000 Ext 5043